| 000 | 00582nam a2200217Ia 4500 | ||
|---|---|---|---|
| 003 | OSt | ||
| 005 | 20220928144745.0 | ||
| 006 | a|||||r|||| 00| 0 | ||
| 007 | ta | ||
| 008 | 220927b |||||||| |||| 00| 0 eng d | ||
| 024 | _a73633 | ||
| 037 | _cTextual | ||
| 040 |
_aSDCL _cSDCL _beng |
||
| 041 |
_2eng _aeng |
||
| 082 | _aX:76.2'N7, L7 | ||
| 100 |
_aChakrabarti Santi K _9509551 |
||
| 245 | 0 |
_aBehaviour of prices in India,1952-70 _b An empirical study. |
|
| 260 | _c1977 | ||
| 942 |
_hX:76.2'N7, L7 _cTEXL _2CC |
||
| 999 |
_c829532 _d829532 |
||